Food technology (Record no. 38763)
[ view plain ]
| 000 -LEADER | |
|---|---|
| fixed length control field | 01024cgm a2200265 a 4500 |
| 001 - CONTROL NUMBER | |
| control field | vtls003025093 |
| 003 - CONTROL NUMBER IDENTIFIER | |
| control field | MY-SjTCS |
| 005 - DATE AND TIME OF LATEST TRANSACTION | |
| control field | 20200306163041.0 |
| 007 - PHYSICAL DESCRIPTION FIXED FIELD--GENERAL INFORMATION | |
| fixed length control field | vf cbahou |
| 008 - FIXED-LENGTH DATA ELEMENTS--GENERAL INFORMATION | |
| fixed length control field | 051207n19uu txu029 000 vueng d |
| 039 #9 - LEVEL OF BIBLIOGRAPHIC CONTROL AND CODING DETAIL [OBSOLETE] | |
| Level of rules in bibliographic description | 201904251709 |
| Level of effort used to assign nonsubject heading access points | shuhada |
| Level of effort used to assign subject headings | 201904251706 |
| Level of effort used to assign classification | shuhada |
| -- | 200512070832 |
| -- | pushpa |
| 082 04 - DEWEY DECIMAL CLASSIFICATION NUMBER | |
| Classification number | 664.0288 |
| Item number | FOO |
| 245 00 - TITLE STATEMENT | |
| Title | Food technology |
| Medium | [videorecording] : |
| Remainder of title | irradiation / |
| Statement of responsibility, etc. | Narration, Bill Maddox ; Production Director, Scott Cawthron ; Executive producer, G.W. Davis. |
| 260 ## - PUBLICATION, DISTRIBUTION, ETC. | |
| Place of publication, distribution, etc. | Lubbock, Texas : |
| Name of publisher, distributor, etc. | CEV Multimedia, |
| Date of publication, distribution, etc. | [19--?] |
| 300 ## - PHYSICAL DESCRIPTION | |
| Extent | 1 videocassette (29 min.) : |
| Other physical details | sd., col. ; |
| Dimensions | 1/2 in. |
| 520 ## - SUMMARY, ETC. | |
| Summary, etc. | To understand the process, effects & consumer concern of irradiation. |
| 538 ## - SYSTEM DETAILS NOTE | |
| System details note | VHS. |
| 650 #0 - SUBJECT ADDED ENTRY--TOPICAL TERM | |
| Topical term or geographic name entry element | Radiation preservation of food. |
| 9 (RLIN) | 20568 |
| 650 #0 - SUBJECT ADDED ENTRY--TOPICAL TERM | |
| Topical term or geographic name entry element | Irradiated foods. |
| 9 (RLIN) | 27816 |
| 650 #0 - SUBJECT ADDED ENTRY--TOPICAL TERM | |
| Topical term or geographic name entry element | Radiation technology |
| General subdivision | Industrial applications. |
| 9 (RLIN) | 226381 |
| 700 1# - ADDED ENTRY--PERSONAL NAME | |
| Personal name | Maddox, Bill. |
| 9 (RLIN) | 226382 |
| 700 1# - ADDED ENTRY--PERSONAL NAME | |
| Personal name | Cawthron, Scott. |
| 9 (RLIN) | 226383 |
| 700 1# - ADDED ENTRY--PERSONAL NAME | |
| Personal name | Davis, G.W. |
| 9 (RLIN) | 103285 |
| 920 ## - Programme | |
| Programme | TCHT : V115 |
| Withdrawn status | Lost status | Source of classification or shelving scheme | Damaged status | Not for loan | Collection code | Home library | Current library | Date acquired | Total Checkouts | Barcode | Date last seen | Date last checked out | Copy number | Koha item type | Public note |
|---|---|---|---|---|---|---|---|---|---|---|---|---|---|---|---|
| Withdrawn | Dewey Decimal Classification | Please fill up online form at https://taylorslibrary.taylors.edu.my/services/external_storage1 | Taylor's Library-TU | TU External Storage-LCS | 07/12/2005 | 1000805889 | 05/12/2019 | 28/01/2010 | 1 | Media Resources | SCAFS,70006,03,AD |